| 000 | 01257cam a22001934a 4500 | ||
|---|---|---|---|
| 005 | 20250605164233.0 | ||
| 008 | 250528s ||||||||||||||||||||||||d | ||
| 035 | _a21054 | ||
| 020 | _a9780520254367 | ||
| 040 |
_aGR-AtMCL _bgre _dGR-AtMCL _eAACR2 |
||
| 245 | 1 | _aLearning in the Global Era / International Perspectives on Globalization and Education | |
| 260 |
_bUniversity Of California Press, _c2007 |
||
| 300 | _a318 | ||
| 520 | _aAcknowledgements, Introduction: Learning in the Global Era, Interdisciplinary Approaches to Learning and Understanding in the Global Era, Understanding Cultural Patterns, Social Conduct and Neurobiology and Education, Learning and the Functions of Education in a Changing Global Economy, The Global Spread of Women's Schooling: Effects on Learning and Literacy and Health and Cildren, The Postindustrial Workplace and Challenges to Education, Learning and Immigration and Integration, The Integration of Immigrant Youth, First Language and Culture Learning in Light of Globalization: The Case of Muslims in Flanders and in Brussels Area Belgium, Global Inequality, Explanations of Terms, Notes on Contributors, Index. | ||
| 700 | 1 |
_aSuarez-Orozco Marcelo M _97083 |
|
| 942 | _cBK | ||
| 999 |
_c6125 _d6125 |
||